000 00517nam a2200181 4500
001 125940
003 ES-MaACL
005 20250801063035.0
007 t|
008 070214s1905 fr r ||||1| fre d
100 1 _aRégnier, Henri de,
_d1864-1936
_995907
245 1 3 _aLa cité des eaux /
_cHenri de Régnier.
250 _a4ème éd.
260 _aParis :
_b[s. n.],
_c1905 (
_ePoitiers :
_fBlais et Roy)
300 _a199 p. ;
_c19 x 12 cm.
852 _aES-MaACL
_jB-3349
999 _c125940
_d125940